| 000 | 00342nam a22001337a 4500 | ||
|---|---|---|---|
| 020 | _qPB. | ||
| 040 | _cFiiza Ishaq | ||
| 082 |
_a954 _bAZI |
||
| 100 | _a Aziz, k.k. | ||
| 245 |
_aThe Making Of Pakistan / _c k.k. Aziz. |
||
| 260 |
_aLahore; _bchatto and windus, _c1967. |
||
| 300 |
_a222 P. ; _c 5.51 x 0.71 x 8.58 inches |
||
| 942 |
_2ddc _cBK |
||
| 999 |
_c616215 _d616215 |
||